Журналы и протоколы заседаний Саратовского губернского Экономического совещания и Общеплановой комиссии при Экономическом совеща...

Доступно только в Электронных читальных залах Найти на картеНа карте
RUSMARC
00004943nac2a22003011x 450
00104f45044-0417-4db1-9347-fb25b27ba942
00520160709123940.0
100##$a20160524l19211921k y0rusy50 ca
1010#$arus
102##$aRU
105##$ay z |||||
1222#$ad19210616
$ad19211202
2001#$aЖурналы и протоколы заседаний Саратовского губернского Экономического совещания и Общеплановой комиссии при Экономическом совещании за период с 16 июня - 2 декабря 1921 года, материалы к протоколам и проект обязательного постановления по строительству в Саратовской губернии. Копии
$j16 июня - 2 декабря 1921
215##$a129 листов
251##$cДело
300##$aЗаголовок дела на папке: Журналы и протоколы заседаний Саратовского губернского Экономического совещания и Общеплановой комиссии при Экономическом совещании с 16 июня по 2 декабря 1921 года (копии) и материалы к протоколам, и проект обязательного постановления по строительству в Саратовской губернии
300##$aЧасть текста машинописная, часть - напечатана типографским способом
324##$aВ деле имеются копии отдельных документов
330##$aВходит в раздел описи: Управление Делами Секретариат. I. Протоколы. и/ Протоколы республиканских, краевых, областных и губернских экономических совещаний. Р. С.Ф. С.Р.
461#0$1001ad6baeac-e292-4829-90d1-2f4f65796a62
$12001
$aСОВЕТ НАРОДНЫХ КОМИССАРОВ РСФСР (СНК РСФСР)
$1251
$cФонд
$1852
$j130
$gР
462#0$1001749580a7-5abb-40c4-a39c-e540631a040a
$12001
$a1921 г.
$vД. 547
$1251
$cОпись
$1852
$j5
5171#$aЖурналы и протоколы заседаний Саратовского губернского Экономического совещания и Общеплановой комиссии при Экономическом совещании с 16 июня по 2 декабря 1921 года (копии) и материалы к протоколам, и проект обязательного постановления по строительству в Саратовской губернии
60101$3RU\NLR\AUTH\661074810
$aРСФСР
$bСовет Народных Комиссаров
60102$3RU\NLR\AUTH\8810119151
$aСаратовское губернское экономическое совещание
60102$aСаратовское губернское экономическое совещание. Общеплановая комиссия
801#0$aRU
$bGA_RF
801#1$aRU
$bНПО Опыт
$c20160524
$2rusmarc
801#2$aRU
$bПБ им. Б.Н. Ельцина
$c20160709
$gRCR
$2rusmarc
852##$aГА РФ
$j547
937##$d79112330
$hПБ
035##$aRuPRLIB51039134
Формат отображения